[Event "Johor op-A 7th"]
[Site "Johor"]
[Date "2022.12.28"]
[Round "4"]
[White "Bancod, Ronald"]
[Black "Di, Xu Wei"]
[Result "1/2-1/2"]
[WhiteElo "2227"]
[BlackElo "1903"]
[PlyCount "77"]
[EventDate "2022.12.26"]
[EventType "swiss"]
[EventRounds "9"]
[EventCountry "MAS"]
[SourceTitle "CBM 212 Extra"]
[Source "ChessBase"]
[SourceDate "2023.03.31"]
[SourceVersion "1"]
[SourceVersionDate "2023.03.31"]
[SourceQuality "1"]

1. g3 Nf6 2. Bg2 d5 3. c4 c6 4. Nf3 Bf5 5. cxd5 cxd5 6. Qb3 Qb6 7. Nc3 e6 8. Qxb6 axb6 9. Nd4 Bg6 10. 0-0 Be7 11. d3 0-0 12. Ndb5 Nbd7 13. Bf4 Rfc8 14. Bd6 Bxd6 15. Nxd6 Rc6 16. Ndb5 Nc5 17. Rfc1 Kf8 18. b4 Na4 19. Nxa4 Rxa4 20. a3 Ke7 21. h3 Ra8 22. f4 Rac8 23. Re1 Rc2 24. Nd4 R2c3 25. g4 h6 26. Bf3 Bxd3 27. exd3 Rxd3 28. Red1 Rcc3 29. Kg2 Rxa3 30. Nb5 Rxa1 31. Rxd3 Rb1 32. Rd4 Nd7 33. Nc3 Rb3 34. Nxd5+ exd5 35. Bxd5 Rb2+ 36. Kg3 Nf6 37. Bxb7 Rb3+ 38. Bf3 g5 39. Kf2 1/2-1/2

[Event "Johor op-A 7th"]
[Site "Johor"]
[Date "2022.12.27"]
[Round "2"]
[White "Bancod, Ronald"]
[Black "Hemanth, Raam"]
[Result "1/2-1/2"]
[WhiteElo "2227"]
[BlackElo "1944"]
[PlyCount "47"]
[EventDate "2022.12.26"]
[EventType "swiss"]
[EventRounds "9"]
[EventCountry "MAS"]
[SourceTitle "CBM 212 Extra"]
[Source "ChessBase"]
[SourceDate "2023.03.31"]
[SourceVersion "1"]
[SourceVersionDate "2023.03.31"]
[SourceQuality "1"]

1. Nf3 d5 2. g3 c5 3. Bg2 Nc6 4. 0-0 e5 5. d3 Bd6 6. c4 d4 7. e3 Nge7 8. exd4 exd4 9. Nbd2 Ng6 10. Ne1 Bf5 11. Ne4 Be7 12. Nc2 0-0 13. f4 Qc8 14. Nf2 Bd7 15. Bd2 Re8 16. Rb1 Rb8 17. Re1 Bf8 18. h4 Rxe1+ 19. Nxe1 Nge7 20. Nc2 Nf5 21. Ne4 Nh6 22. Nf2 Nf5 23. Ne4 Nh6 24. Nf2 1/2-1/2

[Event "Penang op-A 14th"]
[Site "Penang"]
[Date "2022.12.24"]
[Round "9"]
[White "Bancod, Ronald"]
[Black "Yu, Kaiyi"]
[Result "1-0"]
[WhiteElo "2227"]
[BlackElo "1494"]
[PlyCount "119"]
[EventDate "2022.12.19"]
[EventType "swiss"]
[EventRounds "9"]
[EventCountry "MAS"]
[SourceTitle "CBM 211 Extra"]
[Source "ChessBase"]
[SourceDate "2023.01.31"]
[SourceVersion "1"]
[SourceVersionDate "2023.01.31"]
[SourceQuality "1"]

1. e4 e6 2. d3 d5 3. Nd2 c5 4. Ngf3 Nc6 5. g3 Nge7 6. Bg2 g6 7. 0-0 Bg7 8. Re1 0-0 9. e5 Qc7 10. Qe2 g5 11. Nxg5 Qxe5 12. Qxe5 Nxe5 13. Nb3 b6 14. f4 N5c6 15. c3 a5 16. a4 Ba6 17. Bf1 d4 18. Bd2 dxc3 19. Bxc3 Rfd8 20. Rad1 Nf5 21. Bg2 Rac8 22. Be4 h6 23. Nh3 Nfd4 24. Nc1 Rc7 25. Nf2 Bc8 26. g4 Bd7 27. g5 Ne7 28. Ng4 hxg5 29. fxg5 Bxa4 30. Rd2 Nef5 31. Rg2 Bc6 32. Rf1 Bxe4 33. dxe4 Nh4 34. Rg3 Nhf3+ 35. Kg2 Be5 36. Rgxf3 Nxf3 37. Nxe5 Nxe5 38. Bxe5 Rd2+ 39. Kg3 Rcd7 40. h4 Rd1 41. Rxd1 Rxd1 42. Ne2 b5 43. Nc3 Rd3+ 44. Kf4 b4 45. Na4 c4 46. h5 Kh7 47. Nc5 Rd1 48. Nb7 a4 49. Nd6 a3 50. bxa3 c3 51. Nxf7 c2 52. g6+ Kg8 53. Bb2 c1Q+ 54. Bxc1 Rxc1 55. h6 Rh1 56. axb4 Rh5 57. h7+ Kg7 58. h8Q+ Rxh8 59. Nxh8 Kxh8 60. Ke5 1-0

[Event "Manny Pacquiao op"]
[Site "General Santos City"]
[Date "2022.12.13"]
[Round "2"]
[White "Bancod, Ronald"]
[Black "Sek, Konstantin"]
[Result "0-1"]
[WhiteElo "2227"]
[BlackElo "2426"]
[PlyCount "62"]
[EventDate "2022.12.13"]
[EventType "swiss"]
[EventRounds "9"]
[EventCountry "PHI"]
[SourceTitle "EXT 2024"]
[Source "ChessBase"]
[SourceDate "2023.10.10"]
[SourceVersion "1"]
[SourceVersionDate "2023.10.10"]
[SourceQuality "1"]

1. e4 e5 2. Nf3 Nc6 3. Bb5 a6 4. Ba4 Nf6 5. d3 b5 6. Bb3 Be7 7. 0-0 0-0 8. a4 b4 9. a5 d6 10. Nbd2 Be6 11. Re1 Rb8 12. Bc4 Bxc4 13. dxc4 Qd7 14. b3 Nd8 15. c5 Qc6 16. cxd6 cxd6 17. Bb2 Ne6 18. Rc1 Nc5 19. Nh4 g6 20. Qf3 Rb5 21. c3 bxc3 22. Rxc3 Qb7 23. Ba3 Ne6 24. g3 Ng5 25. Qd3 Qd7 26. f3 d5 27. Bxe7 Qxe7 28. Rc6 dxe4 29. Nxe4 Nfxe4 30. fxe4 Rxa5 31. Rxa6 Qb4 0-1

[Event "Titled Tuesday intern op 16th June"]
[Site "Chess.com INT"]
[Date "2020.06.16"]
[Round "4"]
[White "Bancod, Ronald"]
[Black "Starosta, Martyna"]
[Result "1-0"]
[WhiteElo "2237"]
[BlackElo "2079"]
[PlyCount "63"]
[EventDate "2020.06.16"]
[EventType "swiss (blitz)"]
[EventRounds "10"]
[EventCountry "USA"]
[SourceTitle "EXT 2021"]
[Source "ChessBase"]
[SourceDate "2020.10.23"]
[SourceVersion "1"]
[SourceVersionDate "2020.10.23"]
[SourceQuality "1"]

1. e4 e5 2. d4 exd4 3. Qxd4 Nc6 4. Qe3 Nf6 5. Nc3 Bb4 6. Bd2 d6 7. 0-0-0 0-0 8. f3 Re8 9. Nge2 d5 10. Qg5 d4 11. Nd5 Be7 12. Nxe7+ Qxe7 13. h4 d3 14. cxd3 Ne5 15. Nc3 Be6 16. d4 Nc4 17. Bxc4 Bxc4 18. Kb1 b5 19. Bf4 b4 20. Na4 Qe6 21. d5 Qa6 22. b3 Bb5 23. Nc5 Qb6 24. Rc1 Nd7 25. Be3 Nxc5 26. Rxc5 Qb7 27. Rhc1 Rac8 28. Bd4 g6 29. Qf6 Bd3+ 30. Kb2 Re5 31. Bxe5 Kf8 32. Rxc7 1-0

[Event "Titled Tuesday intern op 6th June"]
[Site "Chess.com INT"]
[Date "2020.06.02"]
[Round "4"]
[White "Bancod, Ronald"]
[Black "Shvedova, Alexandra"]
[Result "1-0"]
[WhiteElo "2237"]
[BlackElo "1994"]
[PlyCount "87"]
[EventDate "2020.06.02"]
[EventType "swiss (blitz)"]
[EventRounds "10"]
[EventCountry "USA"]
[SourceTitle "CBM 196 Extra"]
[Source "ChessBase"]
[SourceDate "2020.07.31"]
[SourceVersion "1"]
[SourceVersionDate "2020.07.31"]
[SourceQuality "1"]

1. e4 e5 2. d4 exd4 3. Qxd4 Nc6 4. Qe3 d6 5. Nc3 Nf6 6. Bd2 Be7 7. f3 Be6 8. Nge2 0-0 9. Nf4 Re8 10. 0-0-0 Bf8 11. Kb1 d5 12. Bc1 d4 13. Nxe6 Rxe6 14. Qg5 Be7 15. Qf5 a6 16. h4 Rd6 17. Ne2 d3 18. cxd3 Rxd3 19. Re1 Rd1 20. Rxd1 Qxd1 21. Nc3 Nd4 22. Nxd1 Nxf5 23. exf5 Rd8 24. Nc3 Nh5 25. Ne4 Rd1 26. Kc2 Rd8 27. Bc4 b5 28. Bb3 c5 29. Kb1 c4 30. Bc2 Nf6 31. Nxf6+ Bxf6 32. a3 Kf8 33. g4 Ke7 34. Re1+ Kf8 35. g5 Bd4 36. Rd1 f6 37. g6 hxg6 38. fxg6 Ke7 39. h5 Ke6 40. h6 gxh6 41. g7 Kf7 42. Bxh6 Kg8 43. Bf5 Rd5 44. Be6+ 1-0

[Event "Titled Tuesday intern op 6th June"]
[Site "Chess.com INT"]
[Date "2020.06.02"]
[Round "1"]
[White "Salinas Herrera, Pablo Patricio"]
[Black "Bancod, Ronald"]
[Result "1-0"]
[WhiteElo "2514"]
[BlackElo "2237"]
[PlyCount "53"]
[EventDate "2020.06.02"]
[EventType "swiss (blitz)"]
[EventRounds "10"]
[EventCountry "USA"]
[SourceTitle "CBM 196 Extra"]
[Source "ChessBase"]
[SourceDate "2020.07.31"]
[SourceVersion "1"]
[SourceVersionDate "2020.07.31"]
[SourceQuality "1"]

1. e4 c5 2. Nf3 Nc6 3. Bb5 g6 4. Bxc6 bxc6 5. 0-0 Bg7 6. Re1 e5 7. c3 Qb6 8. Na3 Ba6 9. d3 Ne7 10. Nc4 Qc7 11. Qa4 Bb5 12. Qa3 d6 13. Nfd2 0-0 14. Nf1 h6 15. Be3 Kh7 16. Nxd6 Bxd3 17. Bxc5 a5 18. Rad1 Ba6 19. Ne3 f5 20. exf5 Nxf5 21. Ndxf5 gxf5 22. Bxf8 Bxf8 23. Qa4 Bc5 24. Nxf5 Rf8 25. Qe4 Bxf2+ 26. Kxf2 Bc8 27. g4 1-0

[Event "Penang op 11th"]
[Site "Penang"]
[Date "2019.12.11"]
[Round "5"]
[White "Bancod, Ronald"]
[Black "Li, Shanglin B"]
[Result "1-0"]
[WhiteElo "2266"]
[BlackElo "2020"]
[PlyCount "95"]
[EventDate "2019.12.09"]
[EventType "swiss"]
[EventRounds "9"]
[EventCountry "MAS"]
[SourceTitle "CBM 193 Extra"]
[Source "ChessBase"]
[SourceDate "2020.01.31"]
[SourceVersion "1"]
[SourceVersionDate "2020.01.31"]
[SourceQuality "1"]

1. e4 c6 2. d3 d5 3. Nd2 e5 4. Ngf3 Bd6 5. g3 Nf6 6. Bg2 0-0 7. 0-0 dxe4 8. dxe4 Bc7 9. b3 Qe7 10. a4 Rd8 11. Qe2 h6 12. Nc4 Bg4 13. h3 Bxf3 14. Bxf3 Nbd7 15. Ba3 Qe6 16. Kg2 Nb6 17. Ne3 Nc8 18. Nf5 Nd6 19. Bg4 Qe8 20. Bxd6 Bxd6 21. Rad1 Bf8 22. Qf3 Nd7 23. Nxh6+ gxh6 24. Bxd7 Qe7 25. Rd3 Bg7 26. Rfd1 Qf6 27. h4 Qxf3+ 28. Kxf3 h5 29. Bh3 Bf6 30. Rd7 a5 31. Bf1 Kf8 32. Be2 Rab8 33. Kg2 Ke8 34. Rxd8+ Bxd8 35. Bxh5 Be7 36. Rd3 b5 37. Rf3 bxa4 38. bxa4 Rb4 39. Bxf7+ Kf8 40. Bd5+ Kg7 41. Bxc6 Bf6 42. Rc3 Be7 43. Kf3 Rd4 44. Bb5 Kf6 45. Rc6+ Kg7 46. h5 Rd8 47. Re6 Rd2 48. c4 1-0

[Event "Penang op 11th"]
[Site "Penang"]
[Date "2019.12.10"]
[Round "2"]
[White "Bancod, Ronald"]
[Black "Adarsh, Tripathi"]
[Result "1-0"]
[WhiteElo "2266"]
[BlackElo "1954"]
[PlyCount "57"]
[EventDate "2019.12.09"]
[EventType "swiss"]
[EventRounds "9"]
[EventCountry "MAS"]
[SourceTitle "CBM 193 Extra"]
[Source "ChessBase"]
[SourceDate "2020.01.31"]
[SourceVersion "1"]
[SourceVersionDate "2020.01.31"]
[SourceQuality "1"]

1. g3 g6 2. Bg2 Bg7 3. d4 c5 4. c3 e6 5. dxc5 Ne7 6. Nd2 0-0 7. Ngf3 Na6 8. Nb3 Qc7 9. Qd6 Qd8 10. e4 Nc6 11. 0-0 Re8 12. Be3 Na5 13. Nfd2 Bf8 14. Qd3 Nxb3 15. Nxb3 Qc7 16. Qb5 Qc6 17. a4 Nc7 18. Qe2 Na6 19. Nd4 Qc7 20. Nb5 Qb8 21. Qc4 b6 22. cxb6 axb6 23. Rfd1 Bc5 24. Bh6 Bb7 25. b4 Bf8 26. Bxf8 Rxf8 27. Rxd7 Re8 28. Qd4 Bc6 29. Rd6 1-0

[Event "Johor op 6th"]
[Site "Johor"]
[Date "2019.12.03"]
[Round "2"]
[White "Bancod, Ronald"]
[Black "Korneev, Oleg"]
[Result "0-1"]
[WhiteElo "2266"]
[BlackElo "2524"]
[PlyCount "78"]
[EventDate "2019.12.02"]
[EventType "swiss"]
[EventRounds "9"]
[EventCountry "MAS"]
[SourceTitle "CBM 193 Extra"]
[Source "ChessBase"]
[SourceDate "2020.01.31"]
[SourceVersion "1"]
[SourceVersionDate "2020.01.31"]
[SourceQuality "1"]

1. e4 e5 2. d4 exd4 3. Qxd4 Nc6 4. Qe3 Nf6 5. Bd2 Bb4 6. a3 Bxd2+ 7. Nxd2 0-0 8. 0-0-0 d5 9. exd5 Qxd5 10. Nc4 Qh5 11. Ne2 Ng4 12. Qg3 Qc5 13. Ne3 Nxe3 14. Qxe3 Qxe3+ 15. fxe3 Bg4 16. h3 Bxe2 17. Bxe2 Ne5 18. Rd5 Rfe8 19. Rhd1 c6 20. Rd6 Kf8 21. a4 a5 22. R6d4 Ke7 23. b4 axb4 24. Rxb4 Ra7 25. Rh4 h6 26. Re4 f6 27. h4 Rd8 28. Rd3 g5 29. hxg5 hxg5 30. Bg4 Rda8 31. Bf5 b6 32. Rb3 Rxa4 33. Rxa4 Rxa4 34. Rxb6 Nc4 35. Rb7+ Kd6 36. e4 Ra1+ 37. Rb1 Rxb1+ 38. Kxb1 Ne3 39. g3 Nxf5 0-1

[Event "PHI-ch"]
[Site "Manila"]
[Date "2017.09.11"]
[Round "8"]
[White "Bancod, Ronald"]
[Black "Gomez, John Paul"]
[Result "1/2-1/2"]
[WhiteElo "2276"]
[BlackElo "2463"]
[PlyCount "60"]
[EventDate "2017.09.06"]
[EventType "tourn"]
[EventRounds "11"]
[EventCountry "PHI"]
[EventCategory "1"]
[SourceTitle "CBM 180 Extra"]
[Source "ChessBase"]
[SourceDate "2017.10.06"]
[SourceVersion "1"]
[SourceVersionDate "2017.10.06"]
[SourceQuality "1"]

1. e4 e6 2. d4 d5 3. exd5 exd5 4. Nf3 Bd6 5. Be2 Ne7 6. 0-0 0-0 7. Nbd2 Bf5 8. Re1 h6 9. Nf1 c6 10. Bd3 Bxd3 11. Qxd3 Nd7 12. Ng3 Bxg3 13. hxg3 Re8 14. Bd2 Ng6 15. b3 Qf6 16. Rxe8+ Rxe8 17. Re1 Rxe1+ 18. Bxe1 Qe6 19. Kf1 Kf8 20. Bd2 Ke8 21. Be3 Kf8 22. Kg1 Kg8 23. a4 Nf6 24. Nd2 Ne7 25. Kf1 Qf5 26. Qxf5 Nxf5 27. Ke2 Ng4 28. Nf1 Nfxe3 29. Nxe3 Nxe3 30. Kxe3 g5 1/2-1/2

[Event "PHI-ch"]
[Site "Manila"]
[Date "2017.09.11"]
[Round "9"]
[White "Bersamina, Paulo"]
[Black "Bancod, Ronald"]
[Result "1-0"]
[WhiteElo "2397"]
[BlackElo "2276"]
[PlyCount "151"]
[EventDate "2017.09.06"]
[EventType "tourn"]
[EventRounds "11"]
[EventCountry "PHI"]
[EventCategory "1"]
[SourceTitle "CBM 180 Extra"]
[Source "ChessBase"]
[SourceDate "2017.10.06"]
[SourceVersion "1"]
[SourceVersionDate "2017.10.06"]
[SourceQuality "1"]

1. e4 e5 2. Nf3 Nc6 3. Bb5 Nf6 4. d3 d6 5. 0-0 Be7 6. c3 0-0 7. Nbd2 h6 8. d4 Nd7 9. Re1 Bf6 10. Nf1 a6 11. Be2 b5 12. a4 Rb8 13. axb5 axb5 14. d5 Ne7 15. b4 Nb6 16. Ne3 Bd7 17. Nd2 c6 18. dxc6 Bxc6 19. Bf3 Bg5 20. Nb3 Bxe3 21. Bxe3 Nc4 22. Na5 Nxe3 23. Rxe3 Qc7 24. Rd3 Rfd8 25. Nxc6 Qxc6 26. Qd2 Ra8 27. Rd1 Ra3 28. h4 Nc8 29. Rd5 Rxc3 30. Be2 Rc2 31. Bxb5 Rxd2 32. Bxc6 Rxd1+ 33. Rxd1 Ne7 34. Ba4 Rb8 35. b5 Nc8 36. Rc1 Nb6 37. Bd1 Rc8 38. Ra1 Ra8 39. Ra6 Rxa6 40. bxa6 Nc8 41. Bb3 Kf8 42. Kf1 Ke7 43. Ke2 f6 44. Kf3 Kd7 45. Kg4 Ke7 46. Kf5 Na7 47. Kg6 Kf8 48. h5 Nc8 49. g4 Ne7+ 50. Kh7 Nc8 51. Be6 Na7 52. Bc4 Nc8 53. Bd5 Na7 54. Kg6 Nc8 55. Bb7 Na7 56. Kf5 Ke7 57. f4 exf4 58. Kxf4 Ke6 59. Bd5+ Kd7 60. Kf5 Ke7 61. Kf4 Kd7 62. Bb3 Nc8 63. Ba4+ Ke6 64. Ke3 Ke5 65. Bb3 Na7 66. Bd5 Nb5 67. Kd3 Kf4 68. Kc4 Nc7 69. a7 Kxg4 70. Kb4 f5 71. exf5 Nxd5+ 72. Ka5 Ne7 73. f6 gxf6 74. a8Q Nf5 75. Qd5 Ng3 76. Qe6+ 1-0

[Event "PHI-ch"]
[Site "Manila"]
[Date "2017.09.10"]
[Round "7"]
[White "Concio, Michael Jr"]
[Black "Bancod, Ronald"]
[Result "0-1"]
[WhiteElo "1688"]
[BlackElo "2276"]
[PlyCount "110"]
[EventDate "2017.09.06"]
[EventType "tourn"]
[EventRounds "11"]
[EventCountry "PHI"]
[EventCategory "1"]
[SourceTitle "CBM 180 Extra"]
[Source "ChessBase"]
[SourceDate "2017.10.06"]
[SourceVersion "1"]
[SourceVersionDate "2017.10.06"]
[SourceQuality "1"]

1. e4 e5 2. Nc3 Nf6 3. Nf3 Nc6 4. Be2 Bb4 5. Nd5 0-0 6. 0-0 d6 7. Nxf6+ Qxf6 8. d3 h6 9. Be3 Ba5 10. Nd2 Be6 11. Bg4 Bb6 12. c3 Bxe3 13. fxe3 Qg5 14. Bxe6 Qxe3+ 15. Kh1 fxe6 16. Nf3 Rf6 17. Re1 Qb6 18. Qd2 Raf8 19. Rad1 Kh7 20. Qc2 Ne7 21. h3 Ng6 22. d4 Kh8 23. dxe5 dxe5 24. c4 Qc5 25. a3 a5 26. Rd2 Nh4 27. b4 axb4 28. axb4 Qa7 29. Nh2 Qa3 30. Rb1 Qe3 31. Qd3 Nxg2 32. Qxe3 Nxe3 33. c5 Nf1 34. Rg2 Nxh2 35. Kxh2 Rf1 36. Rbb2 R8f4 37. Rbd2 Kh7 38. Rd7 Rf7 39. Rd8 Rb1 40. Re8 Rxb4 41. c6 b5 42. Re2 Rc4 43. Rxe6 Rc5 44. Rd2 b4 45. Rb2 Rf3 46. Rg2 Rcc3 47. Re7 Rxh3+ 48. Kg1 Rc1+ 49. Kf2 Rc2+ 50. Kg1 Rxg2+ 51. Kxg2 Re3 52. Rxe5 b3 53. Kf2 b2 54. Rb5 Rxe4 55. Rxb2 Rc4 0-1

[Event "PHI-ch"]
[Site "Manila"]
[Date "2017.09.09"]
[Round "5"]
[White "Barcenilla, Rogelio"]
[Black "Bancod, Ronald"]
[Result "1-0"]
[WhiteElo "2457"]
[BlackElo "2276"]
[PlyCount "83"]
[EventDate "2017.09.06"]
[EventType "tourn"]
[EventRounds "11"]
[EventCountry "PHI"]
[EventCategory "1"]
[SourceTitle "CBM 180 Extra"]
[Source "ChessBase"]
[SourceDate "2017.10.06"]
[SourceVersion "1"]
[SourceVersionDate "2017.10.06"]
[SourceQuality "1"]

1. c4 c5 2. Nc3 Nc6 3. g3 g6 4. Bg2 Bg7 5. e4 Nf6 6. Nge2 0-0 7. 0-0 d6 8. d3 a6 9. h3 Rb8 10. a4 Ne8 11. Be3 Nc7 12. d4 cxd4 13. Nxd4 Bd7 14. Rb1 Nxd4 15. Bxd4 Bxd4 16. Qxd4 b5 17. cxb5 axb5 18. axb5 Bxb5 19. Rfd1 Ne6 20. Qe3 Bc4 21. e5 Bb3 22. Rd2 Qb6 23. exd6 exd6 24. Qh6 f5 25. Nd5 Qa7 26. Re1 Qf7 27. Qe3 Rfe8 28. Qc3 Rec8 29. Qd3 Bc4 30. Qa3 Rc5 31. b4 Rcc8 32. Qb2 Rf8 33. Ne3 Nc7 34. Nxc4 Qxc4 35. Rc2 Qf7 36. Rxc7 Qxc7 37. Bd5+ Rf7 38. Qf6 Qb7 39. Qxd6 Qa7 40. Re7 Qa1+ 41. Kg2 Rbf8 42. Rxf7 1-0

[Event "Subic Bay op"]
[Site "Subic Bay"]
[Date "2016.12.11"]
[Round "9"]
[White "Bancod, Ronald"]
[Black "Arroyo, Christian"]
[Result "0-1"]
[WhiteElo "2285"]
[BlackElo "2214"]
[PlyCount "106"]
[EventDate "2016.12.06"]
[EventType "swiss"]
[EventRounds "9"]
[EventCountry "PHI"]
[SourceTitle "CBM 176 Extra"]
[Source "ChessBase"]
[SourceDate "2017.03.02"]
[SourceVersion "1"]
[SourceVersionDate "2017.03.02"]
[SourceQuality "1"]

1. e4 c5 2. Nf3 d6 3. Bb5+ Bd7 4. Bxd7+ Qxd7 5. 0-0 Nc6 6. c3 Nf6 7. d4 cxd4 8. cxd4 d5 9. e5 Ne4 10. Be3 e6 11. Nfd2 Nxd2 12. Nxd2 Be7 13. Qg4 Kf8 14. h4 h5 15. Qg3 Bb4 16. Nf3 Ne7 17. Bg5 Nf5 18. Qf4 Be7 19. Bxe7+ Nxe7 20. Rac1 Nc6 21. Rc3 a5 22. Rfc1 Qe7 23. Ng5 Kg8 24. a3 Rh6 25. Rg3 Rg6 26. Rcc3 Rf8 27. Nf3 Rxg3 28. Qxg3 a4 29. Kh2 Ra8 30. Qf4 Rf8 31. Re3 Qd8 32. b4 axb3 33. Rxb3 Qe7 34. Kh3 Na5 35. Rd3 Nc4 36. a4 b6 37. Rb3 Ra8 38. g4 hxg4+ 39. Qxg4 Rxa4 40. h5 Kf8 41. Qf4 Ra3 42. Rxa3 Qxa3 43. Kg4 Ke8 44. Ng5 Qe7 45. Nh7 Kd7 46. h6 gxh6 47. Qxh6 b5 48. Nf6+ Kc6 49. Ng8 Qa7 50. Qf8 Qxd4+ 51. Kh3 Qxe5 52. Ne7+ Kd7 53. Qxf7 Qh8+ 0-1

[Event "Subic Bay op"]
[Site "Subic Bay"]
[Date "2016.12.09"]
[Round "6"]
[White "Bancod, Ronald"]
[Black "Garcia, Jan Emmanuel"]
[Result "0-1"]
[WhiteElo "2285"]
[BlackElo "2438"]
[PlyCount "142"]
[EventDate "2016.12.06"]
[EventType "swiss"]
[EventRounds "9"]
[EventCountry "PHI"]
[SourceTitle "CBM 176 Extra"]
[Source "ChessBase"]
[SourceDate "2017.03.02"]
[SourceVersion "1"]
[SourceVersionDate "2017.03.02"]
[SourceQuality "1"]

1. e4 e5 2. Nf3 Nc6 3. Bc4 Bc5 4. c3 Nf6 5. d3 a6 6. 0-0 d6 7. Bb3 Ba7 8. Nbd2 0-0 9. Nc4 Ne7 10. a4 Ng6 11. a5 h6 12. Re1 Bg4 13. Ne3 Bxe3 14. fxe3 Nh4 15. Rf1 Nh5 16. Kh1 Kh8 17. Bd2 f5 18. exf5 Bxf5 19. Be1 Nxf3 20. gxf3 Qd7 21. Ra4 g5 22. Rb4 c6 23. Rg1 Bg6 24. Kg2 Rf6 25. Qd2 Raf8 26. Bd1 c5 27. Rb6 Bf5 28. Kh1 Bh3 29. f4 g4 30. Bh4 exf4 31. Bxf6+ Rxf6 32. exf4 Nxf4 33. Qe3 Nd5 34. Qe4 Nxb6 35. axb6 Re6 36. Bxg4 Bxg4 37. Qxg4 Qc6+ 38. Qg2 Qxg2+ 39. Rxg2 d5 40. Kg1 Rxb6 41. Kf1 Re6 42. Kf2 Kh7 43. Rg4 Rg6 44. Rh4 Rf6+ 45. Kg3 Kg6 46. Rg4+ Kf5 47. Rf4+ Ke6 48. Rg4 Kf7 49. Rh4 a5 50. Rh5 Ke6 51. c4 dxc4 52. dxc4 Kd6 53. Rd5+ Kc6 54. Rd8 Rd6 55. Rh8 Rd3+ 56. Kf4 Rh3 57. Rg8 Rxh2 58. Rg6+ Kc7 59. Ke5 Rxb2 60. Kd5 Rb6 61. Rg7+ Kb8 62. Kxc5 Ra6 63. Rg3 a4 64. Ra3 Kc7 65. Kb4 h5 66. Kb5 h4 67. c5 Rh6 68. Rh3 a3 69. Rxa3 h3 70. Ra1 h2 71. Rh1 Rh4 0-1

[Event "Subic Bay op"]
[Site "Subic Bay"]
[Date "2016.12.07"]
[Round "3"]
[White "Bancod, Ronald"]
[Black "Kovalev, Vladislav"]
[Result "0-1"]
[WhiteElo "2285"]
[BlackElo "2595"]
[PlyCount "51"]
[EventDate "2016.12.06"]
[EventType "swiss"]
[EventRounds "9"]
[EventCountry "PHI"]
[SourceTitle "CBM 176 Extra"]
[Source "ChessBase"]
[SourceDate "2017.03.02"]
[SourceVersion "1"]
[SourceVersionDate "2017.03.02"]
[SourceQuality "1"]

1. e4 e5 2. Bc4 Nf6 3. d3 c6 4. Nf3 d5 5. Bb3 Bb4+ 6. Bd2 Bd6 7. Nc3 d4 8. Ne2 Nbd7 9. 0-0 h6 10. Ng3 Nc5 11. c3 dxc3 12. Bxc3 Qc7 13. d4 exd4 14. Qxd4 Be7 15. e5 Nxb3 16. axb3 Nd5 17. Rxa7 Rxa7 18. Qxa7 0-0 19. Re1 Re8 20. h3 Bf5 21. Rc1 c5 22. Qa4 Bd7 23. Qc4 Be6 24. Qe4 Ra8 25. Nd2 Ra2 26. Ngf1 0-1

[Event "Quezon City Puregold op"]
[Site "Quezon City"]
[Date "2014.12.17"]
[Round "6"]
[White "Bancod, Ronald"]
[Black "Bersamina, Paulo"]
[Result "1/2-1/2"]
[WhiteElo "2283"]
[BlackElo "2391"]
[PlyCount "118"]
[EventDate "2014.12.14"]
[EventType "swiss"]
[EventRounds "9"]
[EventCountry "PHI"]
[SourceTitle "EXT 2016"]
[Source "ChessBase"]
[SourceDate "2015.10.08"]
[SourceVersion "1"]
[SourceVersionDate "2015.10.08"]
[SourceQuality "1"]

1. Nf3 Nf6 2. g3 g6 3. Bg2 Bg7 4. 0-0 0-0 5. d3 c5 6. c4 Nc6 7. Nc3 a6 8. a3 b5 9. Ne5 Nxe5 10. Bxa8 bxc4 11. f4 Nc6 12. dxc4 Qb6 13. e3 Na5 14. Qd3 d6 15. Bf3 Be6 16. Nd5 Nxd5 17. Bxd5 Bf5 18. Be4 Be6 19. Bd5 Qb3 20. Qd1 Bf5 21. Bd2 Bc2 22. Qe1 e6 23. Bxa5 exd5 24. Bc3 d4 25. exd4 cxd4 26. Bb4 Qxb2 27. Bxd6 d3 28. Be5 Qb6+ 29. Qf2 Qxf2+ 30. Kxf2 f6 31. Bc3 Rc8 32. Rae1 Rxc4 33. Re8+ Kf7 34. Rfe1 Bf8 35. Rxf8+ Kxf8 36. Bd2 Ra4 37. Ke3 Kf7 38. Bc1 Rc4 39. Bd2 Ke6 40. Kf3+ Kd7 41. Re4 Rc7 42. Ke3 Rc6 43. Bb4 Kc7 44. Kd2 Bb1 45. Bc3 Kd7 46. Re1 Bc2 47. Re4 h5 48. h3 f5 49. Re5 h4 50. gxh4 Rc4 51. Rd5+ Ke6 52. Rd4 Rc7 53. Bb4 Rc6 54. Bc3 Rb6 55. Bb4 Bb1 56. Kc1 Bc2 57. Kd2 Rc6 58. Bc3 Rc8 59. Rb4 Rc6 1/2-1/2

[Event "Quezon City Puregold op"]
[Site "Quezon City"]
[Date "2014.12.14"]
[Round "1"]
[White "Gagunashvili, Merab"]
[Black "Bancod, Ronald"]
[Result "1-0"]
[WhiteElo "2579"]
[BlackElo "2283"]
[PlyCount "115"]
[EventDate "2014.12.14"]
[EventType "swiss"]
[EventRounds "9"]
[EventCountry "PHI"]
[SourceTitle "EXT 2016"]
[Source "ChessBase"]
[SourceDate "2015.10.08"]
[SourceVersion "1"]
[SourceVersionDate "2015.10.08"]
[SourceQuality "1"]

1. d4 Nf6 2. c4 g6 3. Nc3 Bg7 4. Bg5 0-0 5. e3 c5 6. d5 Qa5 7. Qd2 d6 8. Bd3 Na6 9. Nge2 Nc7 10. a4 e6 11. e4 exd5 12. cxd5 Re8 13. 0-0 Ng4 14. Ng3 b6 15. Qc2 Ba6 16. Nb5 Bxb5 17. axb5 Qb4 18. Be2 h5 19. h3 h4 20. Bxh4 Nh6 21. Qd3 Qxb2 22. Bg5 Kh7 23. Qf3 Nxb5 24. Bxh6 Nd4 25. Qxf7 Nxe2+ 26. Nxe2 Kxh6 27. Qf4+ Kh7 28. Qh4+ Kg8 29. Qg4 Qb4 30. Ng3 Bxa1 31. Rxa1 Kf7 32. Qd7+ Re7 33. Qxd6 Rae8 34. Qf4+ Kg7 35. Qg5 Kf7 36. Qf4+ Kg7 37. Qg4 Kh6 38. d6 Rxe4 39. d7 Re1+ 40. Kh2 Qxg4 41. hxg4 Rd8 42. Rxe1 Rxd7 43. Re6 Rc7 44. Ne4 c4 45. g5+ Kg7 46. Nc3 Rb7 47. Nb5 Rf7 48. Rc6 Rf4 49. Nd6 Rf7 50. Rxc4 Re7 51. Rc6 Rd7 52. Nb5 Rd5 53. Nxa7 Rxg5 54. Rxb6 Re5 55. Nc6 Kf6 56. Nd4+ Ke7 57. Nf3 Ra5 58. Kg3 1-0

[Event "Quezon City op"]
[Site "Quezon City"]
[Date "2014.12.08"]
[Round "4"]
[White "Habla, Jony"]
[Black "Bancod, Ronald"]
[Result "0-1"]
[WhiteElo "2239"]
[BlackElo "2283"]
[PlyCount "95"]
[EventDate "2014.12.06"]
[EventType "swiss"]
[EventRounds "10"]
[EventCountry "PHI"]
[SourceTitle "CBM 163 Extra"]
[Source "ChessBase"]
[SourceDate "2014.12.23"]
[SourceVersion "1"]
[SourceVersionDate "2014.12.23"]
[SourceQuality "1"]

1. d4 Nf6 2. c4 g6 3. Nc3 Bg7 4. e4 d6 5. Nf3 0-0 6. Be2 c5 7. d5 b5 8. cxb5 a6 9. b6 Nbd7 10. 0-0 Nxb6 11. Bg5 h6 12. Bf4 g5 13. Be3 Ng4 14. Bc1 f5 15. a4 Rb8 16. a5 Na8 17. exf5 Nf6 18. Bd3 Nc7 19. h4 g4 20. Nh2 h5 21. Re1 Rb4 22. Nf1 Bb7 23. Na2 Rd4 24. Be3 Rxd5 25. Bc4 Kh8 26. Bxd5 Ncxd5 27. Bg5 Qd7 28. Ng3 Qc6 29. f3 gxf3 30. gxf3 Nh7 31. f6 exf6 32. Bd2 f5 33. Nc3 Bd4+ 34. Kh2 Ndf6 35. Rf1 Ng4+ 36. Kg2 Ne5 37. Bf4 Rg8 38. Qa4 Nxf3 39. Qxc6 Nxh4+ 40. Kh3 Bxc6 41. Kxh4 Bg2 42. Nge4 fxe4 43. Bxd6 Bf3 44. Be7 Nf6 45. Kh3 Nd5 46. Rf2 Ne3 47. Rxf3 exf3 48. Ne4 0-1